Datum a čas kvízu
12
Celkem bodů
Celkový počet nahraných bodů na tomto kvízu bez doplňovacích otázek.
10.
Pořadí na kvízu
Konečné umístění týmu na tomto kvízu.
Zaznamenané odpovědi
| # | Otázka | Odpověď | Body | Výsledky |
|---|---|---|---|---|
| 1. | Linka metra B v úseku Florenc... | kotě (kočka) | 0 | |
| 2. | Na nedávno odhalené bronzové s... | Alžběta II., princ Filip | 1 | |
| 3. | Minulý týden jsme se dozvěděli... | Dominika Branišová | 0 | |
| 4. | Produkty jisté americké společ... | Avon | 0 | |
| 5. | Minulý týden potvrdila manželk... | Milan Baroš | 0 | |
| 6. | Může to být alergie, dieta, ne... | chia | 1 | |
| 7. | Ve zdravých receptech se můžem... | zoodles | 0 | |
| 8. | Asi nepřekvapí, že ve stavu be... | tortilly | 0 | |
| 9. | Tento sirup, kterým lze sladit... | z čekanky | 1 | |
| 10. | Naprostým mistrem v nahrazován... | hořčici | 0 |